000 00302nam a22001217a 4500
008 180522b xxu||||| |||| 00| 0 eng d
041 _aeng
080 _a043.3
100 _a0
101 _aMK-BTH
245 _aPasqyrimi i masakrës së reçakut në mediat ndërkombëtare
_cSopa,Xh
942 _2udc
_cBK
999 _c46192
_d46192